Verbreitung des Afrikanischen Elefanten - Statistiken

Allgemein
  • Dieses Quiz wurde 169 mal gespielt
  • Das Durchschnittsergebnis liegt bei 12 aus 14
Antwortstatistiken
Platz Land Bestand % Korrekt
7. Südafrika 19.000
98%
4. Kenia 23.000
97%
12. Kongo 6.000
97%
4. Namibia 23.000
97%
14. Angola 3.500
92%
1. Botswana 131.500
92%
2. Simbabwe 82.500
92%
3. Tansania 50.500
92%
8. Mosambik 11.000
90%
6. Sambia 22.000
88%
13. Uganda 5.000
87%
9. Gabun 7.000
77%
9. Südsudan 7.000
66%
9. Burkina Faso 7.000
27%
Keine übereinstimmenden Quizze gefunden
Verteilung der Resultate
Anzahl Personen mit jedem Resultat
Perzentil nach korrekt beantworteten Fragen
Ihre Resultats-Entwicklung
Sie haben dieses Quiz noch nicht gespielt